000 00663nam a22002057a 4500
999 _c17858
_d17858
003 OSt
005 20230126134656.0
008 230126b ||||| |||| 00| 0 eng d
040 _c0
082 _aDPer 370.5 M720 June - December 2017 v66 no. 1-7
100 _aBoleyley, Olivia L.
_eauthor.
_947466
245 _aYou can improve your memory /
_cOlivia L. Boleyley
260 _aPhilippines :
_bPapi Publishers, Inc.,
_cOctober 2017.
300 _avolume 66, pages 177-178.
650 _aMemory.
_940622
650 _aEducational psychology.
_947467
650 _aMental health.
_947468
700 _aBoleyley, Olivia L.
_eauthor.
_947466
942 _2ddc
_cPER